Most Populous Cities Near Washington D.C. - Statistics

General Stats
  • This quiz has been taken 36 times
  • The average score is 4 of 5
Answer Stats
Pop. Distance City % Correct
1,603,797 110 mi. Philadelphia
97%
585,708 27 mi. Baltimore
93%
226,610 85 mi. Richmond
90%
159,467 0 mi. Alexandria
83%
238,643* 0 mi. Arlington
77%
No matching quizzes found
Score Distribution
Percent of People with Each Score
Percentile by Number Answered
Your Score History
You have not taken this quiz